| 000 | 02045cab a22007695a 4500 | ||
|---|---|---|---|
| 001 | L158322 | ||
| 008 | 141209e20080531xxk 000 0 eng d | ||
| 035 | _a(Sirsi) u158322 | ||
| 041 | 0 | _aeng | |
| 245 | 0 | 0 | _aFounding agents |
| 260 | _c2008 | ||
| 490 |
_aEstates Gazette Supplement _v31 May 2008 |
||
| 490 | _aEstates Gazette 150 Years 1858 - 2008 | ||
| 520 | _aTraces the history of 45 chartered surveying firms back to the early 1700s taken from the Estate Gazette 2008 Top Agents List. Gives a brief history of each firm listed. | ||
| 590 | _aKA | ||
| 650 | 2 | 4 | _aDRIVERS JONAS |
| 650 | 2 | 4 | _aKING STURGE |
| 650 | 2 | 4 | _aCLUTTONS |
| 650 | _aCAXTONS | ||
| 650 | 2 | 4 | _aLAMBERT SMITH HAMPTON |
| 650 | 2 | 4 | _aDTZ |
| 650 | 2 | 4 | _aSTILES HAROLD WILLIAMS |
| 650 | 2 | 4 | _aFAREBROTHER |
| 650 | 2 | 4 | _aCUSHMAN & WAKFIELD |
| 650 | 2 | 4 | _aDACRE SONS & HARTLEY |
| 650 | 2 | 4 | _aFLEURETS |
| 650 | 2 | 4 | _aPARSONS SON & BASLEY |
| 650 | 2 | 4 | _aSPEIRS GUMLEY |
| 650 | 2 | 4 | _aSPEIRS KNOX |
| 650 | 2 | 4 | _aBIDWELLS |
| 650 | 2 | 4 | _aGVA GRIMLEY |
| 650 | 2 | 4 | _aSAVILLS |
| 650 | 2 | 4 | _aATISREAL |
| 650 | 2 | 4 | _aEDMUND KIRBY & SONS |
| 650 | 2 | 4 | _aMATTHEWS & GOODMAN |
| 650 | 2 | 4 | _aFREETH MELHUISH |
| 650 | 2 | 4 | _aSTOREYS |
| 650 | 2 | 4 | _aKNIGHT FRANK |
| 650 | 2 | 4 | _aALDER KING |
| 650 | 2 | 4 | _aMONTAGU EVANS |
| 650 | 2 | 4 | _aHARTNELL TAYLOR COOK |
| 650 | 2 | 4 | _aGL HEARN |
| 650 | 2 | 4 | _aVAIL WILLIAMS |
| 650 | 2 | 4 | _aGERALD EVE |
| 650 | 2 | 4 | _aINNES ENGLAND |
| 650 | 2 | 4 | _aCOLLIERS CRE |
| 650 | 2 | 4 | _aAITCHISON RAFFETY |
| 650 | 2 | 4 | _aEDWARD SYMMONS |
| 650 | 2 | 4 | _aRYDEN |
| 650 | 2 | 4 | _aFG BURNETT |
| 650 | 2 | 4 | _aROBERT PINKUS & CO |
| 650 | 2 | 4 | _aBOND WOLFE |
| 650 | 2 | 4 | _aBRIANT CHAMPION LONG |
| 650 | 2 | 4 | _aCHASE & PARTNERS |
| 650 | 2 | 4 | _aCBRE |
| 650 | 2 | 4 | _aSTRUTT & PARKER |
| 650 | 2 | 4 | _aJONES LANG LASALLE |
| 650 | 2 | 4 | _aSANDERSON WEATHERALL |
| 650 | 2 | 4 | _aALLSOP |
| 650 | 2 | 4 | _aGLENNY |
| 650 | 2 | 4 | _aSTRETTONS |
| 650 | 2 | 4 | _aRICS |
| 650 | 2 | 4 | _aHISTORY |
| 651 | 4 |
_aUnited Kingdom _y |
|
| 690 | _aBusiness and management | ||
| 942 | _n0 | ||
| 999 |
_c84563 _d84563 |
||